000 00593nam a2200193 a 4500
001 1762319685039
003 YourLibrary
005 20251105104619.0
008 251105s2008##################000#0#eng##
020 _a9780071588331
082 0 4 _a613.69
_bJOH
100 1 _aJohnson, Rich,
_eauthor.
245 1 0 _aRICH JOHNSON'S GUIDE TO WILDERNESS SURVIVAL : How to Avoid Trouble and How to Live Through the Trouble You Can't Avoid :
260 _bMcgraw-hill,
_c2008.
300 _a336 pages
650 0 _aSports & Recreation.
942 _cENGLISH
040 _aYourLibrary
_beng
_cYourLibrary
999 _c595819
_d595819